000
00295nam a22001337a 4500
008
170516b xxu||||| |||| 00| 0 eng d
020
_a
9780312644666
041
_a
eng
080
_a
94 (100 )
100
_a
16
101
_a
SHH
245
_a
WAYS OF THE WORLD
_c
STRAYER, R.W
942
_2
udc
_c
BK
999
_c
13371
_d
13371